Statistics for Plain Horizontal Tricolour Flags of the World

Click here to take the quiz!

General Stats

  • This quiz has been taken 15 times
  • The average score is 12 of 15

Answer Stats

Answer% Correct
Germany
93%
Armenia
86%
Austria
86%
Lithuania
86%
Netherlands
86%
Russia
86%
Bulgaria
79%
Estonia
79%
Hungary
79%
Latvia
79%
Luxembourg
79%
Sierra Leone
71%
Gabon
64%
Colombia
57%
Yemen
57%

Score Distribution

Percentile by Number Answered

Percent of People with Each Score

Your Score History

You have not taken this quiz